Pump Application Desk Book / (Record no. 6820)
[ view plain ]
| 000 -LEADER | |
|---|---|
| fixed length control field | 00299cam a2200121ua 4500 |
| 020 ## - INTERNATIONAL STANDARD BOOK NUMBER | |
| ISBN | 0-88173-043-2 |
| 082 ## - DEWEY DECIMAL CLASSIFICATION NUMBER | |
| Classification number | 621.69 |
| Item number | GAR/PU |
| 100 ## - MAIN ENTRY--AUTHOR NAME | |
| Personal name | Gray, Paul N . |
| 245 ## - TITLE STATEMENT | |
| Title | Pump Application Desk Book / |
| 260 ## - PUBLICATION, DISTRIBUTION, ETC. (IMPRINT) | |
| Place of publication | Lilburn : |
| Name of publisher | Fairmont Press INC , |
| Year of publication | 1990. |
| 300 ## - PHYSICAL DESCRIPTION | |
| Number of Pages | 415 ; . |
| 942 ## - ADDED ENTRY ELEMENTS (KOHA) | |
| Koha item type | Reference |
| Withdrawn status | Lost status | Damaged status | Collection code | Home library | Current library | Shelving location | Date acquired | Full call number | Accession Number | Koha item type |
|---|---|---|---|---|---|---|---|---|---|---|
| Reference | KAUAET | KAUAET | Reference | 07/04/2012 | 621.69.GAR/PU | 17742 | Reference |
